Statistics for FIFA 16 Top 50 Players

Click here to take the quiz!

General Stats

  • This quiz has been taken 1,924 times
    (1,818 since last reset)
  • The average score is 33 of 50

Answer Stats

HintAnswer% Correct
94Messi
100%
93Ronaldo
100%
88Neymar
95%
90Suarez
93%
90Neuer
91%
89Ibrahimovic
87%
90Robben
85%
88Iniesta
83%
89Hazard
81%
87Ramos
81%
87Aguero
79%
87Bale
79%
87Modric
79%
87Lewandowski
76%
87Ribery
76%
87Kroos
74%
86Benzema
73%
86De Gea
73%
86Rooney
72%
87Boateng
69%
85Pique
69%
86Pogba
69%
86Reus
66%
87Özil
65%
88Thiago Silva
64%
86Courtois
63%
86Müller
63%
88David Silva
62%
86De Bruyne
62%
87Lahm
61%
86Sanchez
61%
85Cavani
60%
86Costa
59%
86Hummels
59%
87James
59%
86Busquets
56%
85Di Maria
56%
85Kompany
56%
85Alaba
55%
87Chiellini
52%
85Toure
52%
85Cech
48%
86Schweinsteiger
47%
87Fabregas
46%
85Terry
43%
86Tevez
42%
86Vidal
42%
85Godin
38%
85Cazorla
27%
85Naldo
15%

Score Distribution

Percentile by Number Answered

Percent of People with Each Score

Your Score History

You have not taken this quiz since the last reset